000 00466nam a2200181Ia 4500
001 2153
005 20260306143821.0
008 260306t2005||||xx |||||||||||||| ||spa||
041 _aESP
082 _a615.85
_bC237
100 _aCeberio, R. Marcelo
_eAUT
245 0 _aSer y hacer en terapia sistémica:
_bla construcción del estilo terapéutico
260 _c2005
300 _a192 páginas :
_c
650 _aGEN
654 _aCPS
942 _cLIB
_dJUS
_fJUS
_2ddc
_n
999 _c2153
_d2153